ბათუმის შოთა რუსთაველის სახელმწიფო უნივერსიტეტის ბიბლიოთეკა

ალკოჰოლის, თამბაქოს და ნივთიერების მოხმარების სკრინინგ-ტესტი ASSIST : (ბიბ.ჩანაწერი № 55625)

000 -ლიდერი
ფიქსირებული სიგრძის საკონტროლო ველი 02886nam a2200289Ia 4500
001 - საკონტროლო ნომერი
საკონტროლო ველი 22720
003 - საკონტროლო ნომრის იდენტიფიკატორი
საკონტროლო ველი GE_BSU
005 - ბოლო ოპერაციის თარიღი და დრო
საკონტროლო ველი 20230426171632.0
008 - ფიქსირებული სიგრძის მონაცემთა ელემენტები - ზოგადი ინფორმაცია
ფიქსირებული სიგრძის საკონტროლო ველი 181216s ||||ge |||||||||||||| ||geo||
020 ## - წიგნის საერთაშორისო სტანდარტული ნომერი
International Standard Book Number 9789941096563
040 ## - კატალოგიზაციის წყარო
Transcribing agency GE_BSU
041 ## - ენის კოდი
Language code of text/sound track or separate title geo
080 ## - უნივერსალური ათობითი კლასიფიკაციის ინდექსი
Universal Decimal Classification number 613.81(075.8) ა-51
245 ## - ცნობა სათაურის შესახებ
Title ალკოჰოლის, თამბაქოს და ნივთიერების მოხმარების სკრინინგ-ტესტი ASSIST :
Remainder of title პირველად ჯანდაცვაში გამოსაყენებელი სახელმძღვანელო /
Statement of responsibility, etc მთარგმნელი ნინო ბარძიმიშვილი ; რედაქტორი ნინო აღდგომელაშვილი.
264 ## - წარმოების, გამოცემის, დისტრიბუციის და სხვა ცნობები
გამოცემის, წარმოების, დისტრიბუციის... ადგილი თბილისი :
გამოცემის, წარმოების, დისტრიბუციის... სახელწოდება [გ.გ],
გამოცემის, წარმოების, დისტრიბუციის... თარიღი 2017.
300 ## - ფიზიკური აღწერა
Extent 88 გვ. ;
Dimensions 25 სმ.
500 ## - ზოგადი შენიშვნა
General note გამოცემა დაფინანსებულია ევროკომისიის მიერ TEMPUS-ის დაფინანსების მექანიზმის გამოყენებით პროექტის ” ადამიანური რესურსების, მტკიცებულებათ ბაზისა და ხარისხის სტანდარტების განვითარება საქართველოს ადიქტოლოგიაში” ფარგლებში
520 ## - SUMMARY, ETC.
Summary, etc გამოცემა დაფინანსებულია ევროკომისიის მიერ TEMPUS-ის დაფინანსების მექანიზმის გამოყენებით პროექტის ” ადამიანური რესურსების, მტკიცებულებათ ბაზისა და ხარისხის სტანდარტების განვითარება საქართველოს ადიქტოლოგიაში” ფარგლებში
653 ## - INDEX TERM--UNCONTROLLED
Uncontrolled term ალკოჰოლზე დამოკიდებულება -- სახელმძღვანელოები
653 ## - INDEX TERM--UNCONTROLLED
Uncontrolled term თამბაქოზე დამოკიდებულება -- სახელმძღვანელოები
653 ## - INDEX TERM--UNCONTROLLED
Uncontrolled term ალკოჰოლის, თამბაქოს და ნივთიერების მოხმარების სკრინინგ-ტესტი ASSIST
653 ## - INDEX TERM--UNCONTROLLED
Uncontrolled term მედიცინა
700 ## - ADDED ENTRY--PERSONAL NAME
Personal name ბარძიმიშვილი, ნინო
Relator term მთარგმნელი
9 (RLIN) 47
700 ## - ADDED ENTRY--PERSONAL NAME
Personal name აღდგომელაშვილი, ნინო
Relator term რედაქტორი
9 (RLIN) 12661
942 ## - ADDED ENTRY ELEMENTS (KOHA)
Koha item type წიგნი
Source of classification or shelving scheme
ეგზემპლარები
ჩამოწერის სტატუსი დაკარგული ეგზემპლარის სტატუსი კლასიფიკაციის წყარო ან თაროზე გაწყობის სქემა დაზიანების სტატუსი არ გაიცემა მუდმივი მდებარეობა (დაცვის ადგილი) ამჟამინდელი ადგილსამყოფელი თაროზე განთავსების ადგილი შეძენის თარიღი ღირებულება, შესყიდვის ნორმალური ფასი სრული შენახვის შიფრი შტრიხკოდი ბოლო ოპერაციის თარიღი ეგზემპლარის მიმდევრობითი ნომერი (კეტერი?) ფასის ძალაში შესვლის თარიღი ეგზემპლარის სახეობა საჯარო შენიშვნა
          ბათუმის შოთა რუსთაველის სახელმწიფო უნივერსიტეტის მთავარი ბიბლიოთეკა ბათუმის შოთა რუსთაველის სახელმწიფო უნივერსიტეტის მთავარი ბიბლიოთეკა წიგნსაცავი 2018-12-17 5.00 613.81(075.8) ა-51 58163 2018-12-17 58163 2018-12-17 წიგნი 5.00 ₾.
          ბათუმის შოთა რუსთაველის სახელმწიფო უნივერსიტეტის მთავარი ბიბლიოთეკა ბათუმის შოთა რუსთაველის სახელმწიფო უნივერსიტეტის მთავარი ბიბლიოთეკა წიგნსაცავი 2018-12-17 5.00 613.81(075.8) ა-51 58164 2018-12-17 58164 2018-12-17 წიგნი 5.00 ₾.
          ბათუმის შოთა რუსთაველის სახელმწიფო უნივერსიტეტის მთავარი ბიბლიოთეკა ბათუმის შოთა რუსთაველის სახელმწიფო უნივერსიტეტის მთავარი ბიბლიოთეკა წიგნსაცავი 2018-12-17 5.00 613.81(075.8) ა-51 58165 2018-12-17 58165 2018-12-17 წიგნი 5.00 ₾.
          ბათუმის შოთა რუსთაველის სახელმწიფო უნივერსიტეტის მთავარი ბიბლიოთეკა ბათუმის შოთა რუსთაველის სახელმწიფო უნივერსიტეტის მთავარი ბიბლიოთეკა წიგნსაცავი 2018-12-17 5.00 613.81(075.8) ა-51 58166 2018-12-17 58166 2018-12-17 წიგნი 5.00 ₾.
          ბათუმის შოთა რუსთაველის სახელმწიფო უნივერსიტეტის მთავარი ბიბლიოთეკა ბათუმის შოთა რუსთაველის სახელმწიფო უნივერსიტეტის მთავარი ბიბლიოთეკა წიგნსაცავი 2018-12-17 5.00 613.81(075.8) ა-51 58167 2018-12-17 58167 2018-12-17 წიგნი 5.00 ₾.